Quiz sur le Pas-de-Calais - Statistiques

Statistiques générales
  • Ce quiz a été pris 117 fois
  • Le résultat moyen est 14 sur 20
Statistiques - réponses
Question Réponse % Correct
Numéro du département 62
99%
Région Hauts-de-France
99%
Sous-préfecture et plus grande ville Calais
91%
Mers bordant le département Manche
90%
Préfecture Arras
89%
Départements limitrophes Nord
89%
Chanteuse née à Hénin-Beaumont ayant obtenu un César pour son rôle dans la Famille Bélier. Louane
84%
Somme
84%
Mer du Nord
82%
Musée ayant ouvert en 2012 une extension dans le département. Musée du Louvre
82%
Lens
80%
Nom donné au littoral du Pas-de-Calais Côte d'Opale
70%
Objet à l'origine d'une rencontre internationale réunissant plus de 500 000 personnes par an à Berck. Cerf-volant
60%
Nom donné aux tours typiques de cette partie de la France, dont six du Pas-de-Calais sont au patrimoine mondial de l'Unesco. Beffroi
59%
Boulogne-sur-Mer
59%
Saint-Omer
51%
Sous-préfectures Béthune
50%
Gentilé Pas-de-Calaisiens
49%
Montreuil
38%
Nombre d'habitants (arrondi à la dizaine de milliers d'habitants) 1 468 018 (1 470 000)
15%
Aucun quiz correspondant
Distribution des résultats
% des personnes avec chaque résultat
Percentile par nombre de réponses
Votre historique - résultats
Vous n’avez pas pris ce quiz